Statistics for People who Have Died in 2023

Click here to take the quiz!

General Stats

  • This quiz has been taken 82 times
  • The average score is 4 of 15

Answer Stats

HintAnswer% Correct
Famous actor known for playing Chandler in "Friends".Matthew Perry
88%
She is called "The Queen of Rock 'n' Roll"Tina Turner
50%
Known for playing Albus Dumbledore in six "Harry Potter" filmsMichael Gambon
39%
The legendary game show host of "The Price Is Right"Bob Barker
38%
Italy former leader and owner of AC MilanSilvio Berlusconi
36%
Actor and comedian best known for playing Pee-wee HermanPaul Reubens
26%
Mythic director of The ExorcistWilliam Friedkin
16%
The former frontman of the band "Smash Mouth"Steve Harwell
11%
NBA's Most Valuable Player in 1970, New York Knicks center and captain.Willis Reed
9%
A young actor who played Fezco in EuphoriaAngus Cloud
8%
A two-term Democratic governor of New Mexico and an American
ambassador to the United Nations
Bill Richardson
8%
Singer and songwriter who made the album "The Dream Weaver"Gary Wright
8%
He played Dr. Donald “Ducky” Mallard on NCISDavid McCallum
7%
“The godfather of Black entertainment”Clarence Avant
4%
She played Wednesday Addams in the 1960's Sitcom "The Addams Family"Lisa Loring
4%

Score Distribution

Percentile by Number Answered

Percent of People with Each Score

Your Score History

You have not taken this quiz